000 01716nam a22001937a 4500
008 140815b xxu||||| |||| 00| 0 eng d
020 _a9781133349808
050 _aQA76.6.I8
100 _aHerbert, Charles W.
245 _aIST 112-introduction to programming:
_cCharles W Herbert
250 _a5th ed.
260 _aU.S.A.:
_bCengage Learning:
_c2009.
300 _a375p,:
_bill,;
_c24cm.
500 _aIncludes index and glossary
505 _aContents: The Thinking highway -- Terminology -- Planning our trip-why this book -- To think or not think? isn't that question? -- Rules of the road: thinking basic rules and tools -- Making connections -- Basic definitions -- Problem types -- The Scientific method -- Creating smaller problems -- Same but different -- PST general rules 5 -- Rules for breaking rules -- Brainstorming steps -- The Best places to see: creative thinking -- You can be a creative thinker -- Cultivating inspiration,intuition and insight -- Turn off your editor -- What to do when you don't know what to do -- Insight -- Consider go-ghoti - language puzzler -- Drive this way: the art of thinking -- Future journeys:discipline-specific thinking tools -- Specialized thinking -- Mathematical thinking -- Scientific thinking -- Philosophical thinking:formal logic -- Computer programming thinking -- Engineering thinking -- Art and creative thinking -- After-word -- Appendix A: Creative your thinking toolbox -- Appendix B: Thinking styles -- Appendix C: Suggested pedagogy -- Appendix D: More thinking road signs and roadside attraction -- Appendix E:List of PST rules -- Creative thinking -- General thinking rules.
700 _aCrews
700 _aDoering
942 _2lcc
_cBK
999 _c3384
_d10884